[Event "5ème Open de St Chély d'Aubrac"]
[Site "St-Chély d'Aubrac"]
[Date "2005.07.11"]
[Round "3.4"]
[White "Desboeufs, Alexandre"]
[Black "Riff, Vincent"]
[Result "0-1"]
[WhiteElo "2052"]
[BlackElo "2269"]
[PlyCount "80"]
[EventDate "2005.07.??"]

1. e4 c5 2. Nc3 Nc6 3. f4 e6 4. Nf3 a6 5. Be2 d5 6. exd5 exd5 7. O-O Nf6 8. d3
Be7 9. Ne5 Nd4 10. Bf3 O-O 11. Ne2 Nxf3+ 12. Rxf3 Ne8 13. Rf1 Nd6 14. Ng3 Nf5
15. Nxf5 Bxf5 16. c3 f6 17. Nf3 Qd7 18. Qc2 c4 19. Ne1 d4 20. Rf3 Rad8 21. cxd4
Qxd4+ 22. Be3 cxd3 23. Qf2 Qd5 24. Qd2 Rfe8 25. h3 Be4 26. Rg3 f5 27. Qc3 g6
28. Nf3 Rc8 29. Qd4 Qxd4 30. Bxd4 Red8 31. Bc3 Bc5+ 32. Kf1 Be3 33. Bd2 Bxd2
34. Nxd2 Rc2 35. Rd1 Rxb2 36. Nxe4 fxe4 37. Re3 Rd4 38. Rde1 d2 39. Rd1 Rxa2
40. Rc3 Rd7 0-1

[Event "5ème Open de St Chély d'Aubrac"]
[Site "St-Chély d'Aubrac"]
[Date "2005.07.11"]
[Round "3.5"]
[White "Riff, Sebastien"]
[Black "Lagunes, Jean-Renaud"]
[Result "0-1"]
[WhiteElo "2216"]
[BlackElo "2131"]
[PlyCount "134"]
[EventDate "2005.07.??"]

1. e4 d5 2. exd5 Qxd5 3. Nc3 Qa5 4. d4 Nf6 5. Bc4 Bg4 6. f3 Bf5 7. Bd2 Qb6 8.
Nge2 e6 9. Bb3 c6 10. Be3 Bb4 11. O-O O-O 12. a3 Bxc3 13. Nxc3 Nbd7 14. Bf2 Nd5
15. Ne2 Qa5 16. c4 N5f6 17. Bc2 Bxc2 18. Qxc2 b5 19. b4 Qa6 20. c5 Nd5 21. Rfb1
Qb7 22. a4 a6 23. Ra3 N7f6 24. Be1 Qd7 25. Rba1 Nc7 26. Qb2 Nfd5 27. axb5 axb5
28. Ra7 h6 29. Nc1 Rxa7 30. Rxa7 Ra8 31. Rxa8+ Nxa8 32. Nb3 Nac7 33. Bd2 Ne7
34. Nc1 Qd5 35. Nb3 g5 36. Qc2 Ne8 37. Be3 Ng7 38. Bf2 Nh5 39. Nc1 Nf4 40. Ne2
Nxe2+ 41. Qxe2 Qb3 42. Be1 Nf5 43. Qd2 Qb1 44. Kf1 Qa1 45. Qc3 Qd1 46. Qd2 Qxd2
47. Bxd2 Nxd4 48. Bc3 Nf5 49. Ke2 Ne7 50. Bd2 Kg7 51. Kd3 f5 52. g3 e5 53. Bc3
Kf6 54. f4 gxf4 55. gxf4 Ng6 56. fxe5+ Nxe5+ 57. Ke3 Ke6 58. Kf4 Ng6+ 59. Kf3
Kd5 60. Ke3 Kc4 61. Be1 Ne5 62. h4 Nd3 63. Bd2 h5 64. Kf3 Kd4 65. Bg5 Kc3 66.
Ke3 Kc4 67. Kf3 Kxb4 0-1

[Event "5ème Open de St Chély d'Aubrac"]
[Site "St-Chély d'Aubrac"]
[Date "2005.07.11"]
[Round "3.6"]
[White "Chokbengboun, Thomas"]
[Black "Boudre, Jean-Pierre"]
[Result "0-1"]
[WhiteElo "1900"]
[BlackElo "2359"]
[PlyCount "99"]
[EventDate "2005.07.??"]

1. c4 Nf6 2. Nf3 c6 3. g3 d5 4. cxd5 cxd5 5. Bg2 Nc6 6. d4 e6 7. O-O Be7 8. Nc3
O-O 9. Ne5 Bd7 10. e3 Ne8 11. b3 Rc8 12. Bb2 Nd6 13. Rc1 Nf5 14. Qe2 Nxe5 15.
dxe5 Qa5 16. a3 Rfd8 17. b4 Qb6 18. Rfd1 Bc6 19. Qg4 g6 20. Na2 Ba4 21. Rxc8
Rxc8 22. Rc1 Rxc1+ 23. Bxc1 Qc7 24. Bb2 Qc2 25. Nc3 Qxb2 26. Nxa4 Qxa3 27. Nc5
Bxc5 28. bxc5 Qxc5 29. Qa4 b5 30. Qa5 Qb6 31. Qxb6 axb6 32. e4 dxe4 33. Bxe4 g5
34. Kf1 Ne7 35. Ke2 Kg7 36. Kd3 Ng6 37. Kd4 g4 38. f3 gxf3 39. Bxf3 b4 40. Be4
b3 41. Bd3 b2 42. Bc2 Ne7 43. Be4 Nc6+ 44. Kc3 Nxe5 45. Kxb2 f5 46. Bg2 Ng4 47.
h3 Ne3 48. Bf3 Nf1 49. g4 Nh2 50. Bd1 0-1

[Event "5ème Open de St Chély d'Aubrac"]
[Site "St-Chély d'Aubrac"]
[Date "2005.07.11"]
[Round "3.7"]
[White "Moingt, Jean-Claude"]
[Black "Tassetti, Matthieu"]
[Result "1-0"]
[WhiteElo "2292"]
[BlackElo "1956"]
[PlyCount "71"]
[EventDate "2005.07.??"]

1. e4 g6 2. d4 Bg7 3. Nc3 c6 4. Nf3 d5 5. h3 dxe4 6. Nxe4 Nf6 7. Bd3 O-O 8. O-O
Nbd7 9. Qe2 Qc7 10. Re1 Re8 11. Neg5 Nb6 12. Ne5 Rf8 13. c4 e6 14. b3 c5 15.
Ba3 h6 16. Ngxf7 Rxf7 17. dxc5 Nbd5 18. cxd5 Nxd5 19. Nxf7 Qxf7 20. Rac1 Bd7
21. Qe4 Nf4 22. Bc4 Rf8 23. Rc2 Bc6 24. Bxe6 Nxe6 25. Qxe6 Qxe6 26. Rxe6 Kf7
27. Rce2 Bf6 28. Rd6 Bd8 29. Ree6 Be7 30. Rxc6 bxc6 31. Rxc6 Bd8 32. Ra6 Re8
33. Rxa7+ Ke6 34. Ra6+ Kf5 35. g4+ Kg5 36. Kg2 1-0

[Event "5ème Open de St Chély d'Aubrac"]
[Site "St-Chély d'Aubrac"]
[Date "2005.07.11"]
[Round "3.8"]
[White "Deschler, Fabrice"]
[Black "De Biasi, Robert"]
[Result "1-0"]
[WhiteElo "2167"]
[BlackElo "1895"]
[PlyCount "97"]
[EventDate "2005.07.??"]

1. d4 Nf6 2. c4 e6 3. g3 Bb4+ 4. Bd2 Be7 5. Bg2 d5 6. Nf3 b6 7. Nc3 Bb7 8. cxd5
exd5 9. Nh4 O-O 10. Nf5 Ne4 11. Nxe7+ Qxe7 12. O-O Nxd2 13. Qxd2 Rd8 14. Rfd1
c6 15. Qf4 Nd7 16. Qc7 Rab8 17. e4 Rdc8 18. Qf4 dxe4 19. Nxe4 Nf6 20. Nxf6+
Qxf6 21. Qxf6 gxf6 22. Rac1 c5 23. dxc5 Bxg2 24. Kxg2 Rxc5 25. Rxc5 bxc5 26.
Rd2 a5 27. Kf3 Re8 28. Rc2 Re5 29. Rc4 Rf5+ 30. Ke3 Re5+ 31. Re4 Rd5 32. Ra4
Re5+ 33. Kf3 Rf5+ 34. Ke3 Re5+ 35. Kd3 Rd5+ 36. Kc3 Re5 37. Rxa5 Re2 38. Rxc5
Rxf2 39. a4 Kf8 40. a5 Rf1 41. Rh5 Ra1 42. b4 Ke7 43. Kc4 Rc1+ 44. Kb5 Rc8 45.
a6 Rb8+ 46. Ka5 Kd7 47. Rxh7 Kc6 48. Rxf7 Rb5+ 49. Ka4 1-0

[Event "5ème Open de St Chély d'Aubrac"]
[Site "St-Chély d'Aubrac"]
[Date "2005.07.11"]
[Round "3.9"]
[White "Laine, Patrice"]
[Black "Vidalinc, Jean-Louis"]
[Result "1-0"]
[WhiteElo "2082"]
[BlackElo "1986"]
[PlyCount "127"]
[EventDate "2005.07.??"]

1. d4 e6 2. c4 d5 3. Nc3 c6 4. Nf3 Nf6 5. Bg5 h6 6. Bxf6 Qxf6 7. e3 Nd7 8. Be2
dxc4 9. Bxc4 g6 10. O-O Bg7 11. Rc1 O-O 12. Qe2 b5 13. Bb3 Bb7 14. Ne4 Qe7 15.
Nc5 Nxc5 16. Rxc5 Rfd8 17. Ne5 Bxe5 18. Rxe5 Rd6 19. f4 Qh4 20. Rf3 Qf6 21. Rc5
Rad8 22. Rf1 Qg7 23. Rfc1 Qf6 24. Bc2 Rd5 25. Be4 Rxc5 26. dxc5 Qe7 27. b4 Qd7
28. Bf3 Kg7 29. Qb2+ f6 30. Rd1 Qc7 31. Rxd8 Qxd8 32. Qd4 Qxd4 33. exd4 g5 34.
fxg5 hxg5 35. g3 Kg6 36. Kf2 f5 37. h4 Kf6 38. Ke3 Kg6 39. h5+ Kf6 40. g4 Kg7
41. d5 cxd5 42. Kd4 Kf6 43. gxf5 e5+ 44. Ke3 Kxf5 45. Bg4+ Kxg4 46. h6 d4+ 47.
Kd2 e4 48. h7 e3+ 49. Kd3 Be4+ 50. Kxe4 e2 51. h8=Q e1=Q+ 52. Kd5 Qe7 53. Qxd4+
Kh5 54. Qh8+ Kg4 55. Qe5 Qd7+ 56. Qd6 Qf5+ 57. Kc6 Qf1 58. Kb7 Qf7+ 59. Kb8
Qg8+ 60. Kxa7 Qxa2+ 61. Kb6 Qc4 62. c6 Kh3 63. c7 g4 64. Qd7 1-0

[Event "5ème Open de St Chély d'Aubrac"]
[Site "St-Chély d'Aubrac"]
[Date "2005.07.11"]
[Round "3.10"]
[White "Lepere, Philippe"]
[Black "Capron, Daniel"]
[Result "0-1"]
[WhiteElo "1740"]
[BlackElo "2070"]
[PlyCount "56"]
[EventDate "2005.07.??"]

1. Nf3 d6 2. d4 Nd7 3. Bf4 g6 4. h3 Bg7 5. c3 e5 6. Bh2 Qe7 7. e3 Ngf6 8. Bb5
O-O 9. O-O a6 10. Be2 Bh6 11. Nbd2 Re8 12. Nc4 e4 13. Nfd2 Nf8 14. Qb3 Rb8 15.
Na5 Bd7 16. Nxb7 Bc6 17. Bxa6 Bxb7 18. Bxb7 c6 19. Bxd6 Qxd6 20. Nc4 Qc7 21.
Qa3 Qxb7 22. Nd6 Qe7 23. Nxe8 Qxe8 24. Qd6 Ne6 25. b4 Nd5 26. Rfc1 Nxe3 27.
fxe3 Bxe3+ 28. Kf1 Bf4 0-1

[Event "5ème Open de St Chély d'Aubrac"]
[Site "St-Chély d'Aubrac"]
[Date "2005.07.11"]
[Round "3.11"]
[White "Perrin, Yannick"]
[Black "Rosenfeld, Imre"]
[Result "1/2-1/2"]
[WhiteElo "1720"]
[BlackElo "2047"]
[PlyCount "130"]
[EventDate "2005.07.??"]

1. e4 e6 2. d4 d5 3. e5 c5 4. c3 Qb6 5. Nf3 Bd7 6. Nbd2 cxd4 7. cxd4 Nh6 8. Nb3
Nf5 9. Bd3 Bb5 10. O-O Be7 11. Bxb5+ Qxb5 12. Qc2 Nc6 13. Rd1 O-O 14. Bg5 Nb4
15. Qd2 Bxg5 16. Nxg5 h6 17. Nf3 Nxa2 18. Rxa2 Qxb3 19. Ra3 Qb6 20. Rc3 Rfc8
21. Rdc1 Qd8 22. h3 Ne7 23. Ne1 Rxc3 24. Rxc3 Rc8 25. Kf1 Rxc3 26. Qxc3 Qc8 27.
Qxc8+ Nxc8 28. Ke2 Kf8 29. Kd3 Ke7 30. Nc2 Kd7 31. Kc3 Ne7 32. Ne1 Kc6 33. Nd3
Kb5 34. Kb3 Nc6 35. Kc3 Nb8 36. Nc5 Kb6 37. Na4+ Kb5 38. Nc5 b6 39. Nb7 Kc6 40.
Nd8+ Kd7 41. Nxf7 Nc6 42. Nd6 a6 43. f4 Ne7 44. g4 Ng6 45. f5 Nf4 46. fxe6+
Kxe6 47. Nf5 Kf7 48. Ne3 g6 49. h4 Ke6 50. Kd2 a5 51. h5 gxh5 52. gxh5 Nxh5 53.
Ng4 b5 54. Nxh6 Ng3 55. Ng4 Ne4+ 56. Kd3 b4 57. Ne3 Ng5 58. Nf1 Nf3 59. Nd2
Ne1+ 60. Ke2 Nc2 61. Nb3 a4 62. Nc5+ Kf5 63. Kd3 Ne1+ 64. Ke2 Nc2 65. Kd3 Ne1+
1/2-1/2

[Event "5ème Open de St Chély d'Aubrac"]
[Site "St-Chély d'Aubrac"]
[Date "2005.07.11"]
[Round "3.12"]
[White "Duffau, Pascal"]
[Black "Baudry, Alain"]
[Result "1-0"]
[WhiteElo "2038"]
[BlackElo "1785"]
[PlyCount "103"]
[EventDate "2005.07.??"]

1. Nf3 d5 2. c4 d4 3. g3 c5 4. d3 Nc6 5. Bg2 Nf6 6. O-O Qc7 7. Na3 a6 8. Nc2 e5
9. e3 Bg4 10. exd4 cxd4 11. Re1 Bd6 12. h3 Be6 13. b4 e4 14. Nfxd4 Nxd4 15.
Nxd4 Be5 16. Nxe6 fxe6 17. Rb1 Rd8 18. Qa4+ Kf7 19. dxe4 Qxc4 20. Bg5 Rd6 21.
Rbc1 Qd4 22. Red1 Qb6 23. Be3 Qd8 24. Bc5 Rxd1+ 25. Rxd1 Qc8 26. f4 Bc7 27. e5
b5 28. Qb3 Nd7 29. Bd6 g6 30. Kh2 Nb6 31. Bxc7 Qxc7 32. Rd6 Nc4 33. Rxa6 Rd8
34. Rc6 Qd7 35. a4 Nd2 36. Qc2 Qd4 37. Rc7+ Kg8 38. Qc5 Qxc5 39. Rxc5 bxa4 40.
Ra5 Rd4 41. Rxa4 Nb1 42. Ra8+ Kg7 43. b5 Rb4 44. Rb8 Nc3 45. b6 Rb2 46. b7 Nd5
47. Rd8 Rxb7 48. Bxd5 exd5 49. Rxd5 Kf7 50. g4 Ke6 51. Rd6+ Kf7 52. Kg3 1-0

[Event "5ème Open de St Chély d'Aubrac"]
[Site "St-Chély d'Aubrac"]
[Date "2005.07.11"]
[Round "3.13"]
[White "Lengert, Vincent"]
[Black "Ritzenthaler, Stephane"]
[Result "1/2-1/2"]
[WhiteElo "1710"]
[BlackElo "2037"]
[PlyCount "93"]
[EventDate "2005.07.??"]

1. e4 c5 2. Nf3 Nc6 3. Bb5 g6 4. O-O Bg7 5. Bxc6 dxc6 6. Nc3 e5 7. h3 Qe7 8. d3
f6 9. Be3 Nh6 10. Na4 b6 11. c4 Nf7 12. Nc3 O-O 13. Qa4 Qc7 14. b4 cxb4 15.
Qxb4 Rd8 16. Rfd1 Bf8 17. Qa4 Bd7 18. Rab1 Nd6 19. Qb3 Be6 20. Qa4 Rab8 21. c5
Nf7 22. cxb6 axb6 23. Rbc1 Ra8 24. Qc2 c5 25. Nb5 Qc6 26. a4 Nd6 27. Qb2 Nxb5
28. axb5 Qb7 29. Qd2 Ra2 30. Rc2 Qa7 31. Rxa2 Qxa2 32. Qxa2 Bxa2 33. Rd2 Be6
34. Ne1 Ra8 35. f4 Ra1 36. Kf2 Rb1 37. Nc2 Rxb5 38. Na3 Rb4 39. Rc2 Rb3 40. Nc4
b5 41. Nb2 Rb4 42. fxe5 fxe5 43. Ke2 c4 44. Bd2 Rb3 45. dxc4 bxc4 46. Nxc4
Bxc4+ 47. Rxc4 1/2-1/2

[Event "5ème Open de St Chély d'Aubrac"]
[Site "St-Chély d'Aubrac"]
[Date "2005.07.11"]
[Round "3.14"]
[White "Boulier, Rene"]
[Black "Grezes, Yves"]
[Result "0-1"]
[WhiteElo "1996"]
[BlackElo "1760"]
[PlyCount "36"]
[EventDate "2005.07.??"]

1. e4 e5 2. Bc4 Nf6 3. Nf3 Nc6 4. Ng5 d5 5. exd5 Na5 6. Bb5+ c6 7. dxc6 bxc6 8.
Be2 h6 9. Nf3 e4 10. Ne5 Bd6 11. Nc4 Nxc4 12. Bxc4 O-O 13. O-O Bxh2+ 14. Kh1
Bc7 15. g3 Qd7 16. Qe2 Qh3+ 17. Kg1 Bg4 18. Qe3 Bf3 0-1

[Event "5ème Open de St Chély d'Aubrac"]
[Site "St-Chély d'Aubrac"]
[Date "2005.07.11"]
[Round "3.15"]
[White "Rabier, Jean"]
[Black "Sidibe, Malika"]
[Result "1-0"]
[WhiteElo "1985"]
[BlackElo "1730"]
[PlyCount "89"]
[EventDate "2005.07.??"]

1. d4 d5 2. e4 e6 3. Be3 Nf6 4. Nd2 dxe4 5. f3 Nd5 6. Qe2 exf3 7. Ngxf3 Nxe3 8.
Qxe3 Bd6 9. Bd3 Nd7 10. O-O O-O 11. Ne4 Be7 12. Nfg5 h6 13. Nf3 Nf6 14. Nxf6+
Bxf6 15. Qe4 g6 16. Ne5 Bxe5 17. dxe5 c5 18. c3 Qd5 19. Qe3 Bd7 20. Rad1 Bc6
21. Qg3 Rad8 22. Bxg6 Qxd1 23. Bc2+ Kh8 24. Rxd1 Rxd1+ 25. Bxd1 Rg8 26. Qf2
Bxg2 27. Qxg2 Rxg2+ 28. Kxg2 Kg7 29. Kf3 Kg6 30. Kf4 b6 31. h4 a6 32. h5+ Kg7
33. Bc2 Kf8 34. Bd3 a5 35. Bb5 Ke7 36. Ke4 f5+ 37. Kf4 Kd8 38. Bd3 Ke7 39. Bxf5
exf5 40. Kxf5 Kf7 41. c4 a4 42. e6+ Ke7 43. Ke5 Ke8 44. Kf6 Kf8 45. a3 1-0

[Event "5ème Open de St Chély d'Aubrac"]
[Site "St-Chély d'Aubrac"]
[Date "2005.07.11"]
[Round "3.16"]
[White "Weigel, Marie"]
[Black "Nass, Emile"]
[Result "0-1"]
[WhiteElo "1600"]
[BlackElo "1984"]
[PlyCount "64"]
[EventDate "2005.07.??"]

1. d4 Nf6 2. Nf3 d6 3. Bf4 Nbd7 4. e3 g6 5. Be2 Bg7 6. O-O O-O 7. h3 Re8 8. c4
b6 9. Nc3 Bb7 10. Nd2 e5 11. Bg3 e4 12. Qc2 Qe7 13. Rfe1 h5 14. Bh4 Bh6 15.
Rac1 g5 16. Bg3 h4 17. Bh2 a6 18. a4 c6 19. b4 d5 20. c5 b5 21. Nf1 Qe6 22. Qd1
Nh7 23. Bd6 Kh8 24. Nh2 f5 25. Ra1 Nhf6 26. Kh1 Rg8 27. g4 hxg3 28. fxg3 f4 29.
gxf4 gxf4 30. Ng4 f3 31. Nxh6 Qxh3+ 32. Bh2 Rg2 0-1

[Event "5ème Open de St Chély d'Aubrac"]
[Site "St-Chély d'Aubrac"]
[Date "2005.07.11"]
[Round "3.17"]
[White "Gaftarnik, Olivier"]
[Black "Lassis, Patrick"]
[Result "1-0"]
[WhiteElo "1965"]
[BlackElo "1710"]
[PlyCount "115"]
[EventDate "2005.07.??"]

1. e4 e6 2. d4 d5 3. exd5 exd5 4. c4 Bb4+ 5. Nc3 Qe7+ 6. Be3 Nf6 7. a3 Bxc3+ 8.
bxc3 dxc4 9. Bxc4 c6 10. Nf3 Ng4 11. Qd2 Nxe3 12. Qxe3 Qxe3+ 13. fxe3 O-O 14.
Ng5 h6 15. Nxf7 Kh7 16. O-O Nd7 17. e4 b5 18. Bb3 Bb7 19. e5 c5 20. Nd6 Ba6 21.
e6 Rxf1+ 22. Rxf1 Nf6 23. Rxf6 gxf6 24. e7 cxd4 25. cxd4 Rb8 26. e8=Q Rxe8 27.
Nxe8 Bc8 28. Bc2+ Kg8 29. Nxf6+ Kf7 30. Ne4 Ke7 31. Bb3 Bf5 32. Bd5 a5 33. Kf2
b4 34. axb4 axb4 35. Ke3 Bg4 36. Kd2 Bf5 37. Kc2 Bg4 38. Kb3 Bf5 39. Kxb4 Bg4
40. Kc5 Bf5 41. Bb7 Bg4 42. d5 Bf5 43. d6+ Kd8 44. Kd5 Bg4 45. Nf6 Bf5 46. Ke5
Bd3 47. Bc6 Bc4 48. Ne4 Bf1 49. Nc5 Bc4 50. Nb7+ Kc8 51. d7+ Kc7 52. d8=Q+ Kxc6
53. Qc8+ Kb6 54. Qxc4 Kxb7 55. Kd6 h5 56. Qb5+ Kc8 57. Qd7+ Kb8 58. Kc6 1-0

[Event "5ème Open de St Chély d'Aubrac"]
[Site "St-Chély d'Aubrac"]
[Date "2005.07.11"]
[Round "3.18"]
[White "Ruetsch, Johan"]
[Black "Lengert, Martin"]
[Result "0-1"]
[WhiteElo "1270"]
[BlackElo "1913"]
[PlyCount "56"]
[EventDate "2005.07.??"]

1. e4 e6 2. d4 d5 3. exd5 exd5 4. Nf3 Nf6 5. Be2 c6 6. O-O Bd6 7. Bd3 O-O 8. c3
Bg4 9. Be2 Nbd7 10. Nh4 Bxe2 11. Qxe2 Re8 12. Qd1 Ne4 13. Nf5 Bc7 14. Qg4 Qf6
15. Bh6 g6 16. Ng7 Re7 17. Nh5 Qe6 18. Qxe6 Rxe6 19. Nf4 Rf6 20. f3 Bxf4 21.
fxe4 Bxh2+ 22. Kxh2 Rxf1 23. exd5 cxd5 24. g3 Re8 25. Kg2 Ree1 26. Bd2 Rxb1 27.
Rxb1 Rxb1 28. b4 Rb2 0-1

[Event "5ème Open de St Chély d'Aubrac"]
[Site "St-Chély d'Aubrac"]
[Date "2005.07.11"]
[Round "3.19"]
[White "Ballandras, Marc"]
[Black "Missinger, Karl"]
[Result "1-0"]
[WhiteElo "1810"]
[BlackElo "1099"]
[PlyCount "43"]
[EventDate "2005.07.??"]

1. c4 e6 2. Nc3 d5 3. cxd5 exd5 4. d4 Nf6 5. Bg5 Be7 6. e3 h6 7. Bf4 O-O 8. Bd3
Nc6 9. Rc1 Bd6 10. Nge2 Bxf4 11. Nxf4 Nb4 12. Bb1 Re8 13. Qb3 Nc6 14. O-O Qd6
15. Ncxd5 Nxd5 16. Qxd5 Qxd5 17. Nxd5 Re6 18. Nxc7 Re7 19. Nxa8 b6 20. Rxc6 Bb7
21. Rc3 Bxa8 22. Rc8+ 1-0

[Event "5ème Open de St Chély d'Aubrac"]
[Site "St-Chély d'Aubrac"]
[Date "2005.07.11"]
[Round "3.20"]
[White "Mathieu, Paul"]
[Black "Luc, Rene"]
[Result "0-1"]
[WhiteElo "1860"]
[BlackElo "1690"]
[PlyCount "115"]
[EventDate "2005.07.??"]

1. e4 e6 2. d3 d5 3. Nd2 Nc6 4. Ngf3 Bd6 5. g3 Nf6 6. Bg2 dxe4 7. dxe4 e5 8.
O-O O-O 9. h3 Be6 10. c3 Qd7 11. Ng5 Rad8 12. Nxe6 Qxe6 13. Qe2 a6 14. Nc4 b5
15. Ne3 Ne7 16. Kh2 c5 17. a4 c4 18. axb5 axb5 19. Ra5 Rb8 20. Bd2 Bc7 21. Raa1
Rfd8 22. Nc2 Nc6 23. Bg5 h6 24. Bxf6 Qxf6 25. Ne3 Ne7 26. Ng4 Qe6 27. Rfd1 Rxd1
28. Rxd1 Rd8 29. Rxd8+ Bxd8 30. Ne3 Bb6 31. Nd5 Nxd5 32. exd5 Qf6 33. f3 Qd6
34. Qd2 Bc7 35. h4 e4 36. f4 f5 37. Qd4 g5 38. hxg5 hxg5 39. Qd2 gxf4 40. Qxf4
Qxf4 41. gxf4 Bxf4+ 42. Kg1 Kf7 43. Kf2 Kf6 44. Ke2 Bd6 45. Ke3 Ke5 46. Kd2
Kxd5 47. Kc2 f4 48. Bf1 f3 49. b3 e3 50. bxc4+ bxc4 51. Kd1 Be5 52. Kc2 e2 53.
Bxe2 fxe2 54. Kd2 Ke4 55. Kxe2 Bxc3 56. Kd1 Kd3 57. Kc1 Bd2+ 58. Kd1 0-1

[Event "5ème Open de St Chély d'Aubrac"]
[Site "St-Chély d'Aubrac"]
[Date "2005.07.11"]
[Round "3.21"]
[White "Wavresky, Andre"]
[Black "Colandrea, Sauveur"]
[Result "0-1"]
[WhiteElo "1570"]
[BlackElo "1874"]
[PlyCount "100"]
[EventDate "2005.07.??"]

1. e4 d6 2. d4 g6 3. Nf3 Bg7 4. Nc3 a6 5. a4 b6 6. Be3 Bb7 7. Bd3 Nf6 8. Qd2
O-O 9. Bh6 Nbd7 10. Bxg7 Kxg7 11. O-O e5 12. d5 Rh8 13. Nd1 Nc5 14. Re1 Qd7 15.
Nc3 Qe7 16. b4 Ncd7 17. Qe2 Nb8 18. b5 a5 19. Bc4 Bc8 20. h3 Nbd7 21. Bd3 Nc5
22. Qd2 Bd7 23. Nd1 Rag8 24. Ne3 Ncxe4 25. Bxe4 Nxe4 26. Qd3 f5 27. Qc4 Bc8 28.
Ra3 Kf7 29. Rd3 g5 30. Nd2 Nc5 31. Ra3 h5 32. Kf1 g4 33. hxg4 hxg4 34. Ke2 Rh4
35. g3 Rh7 36. Kd1 Ke8 37. Nb3 Ne4 38. Rf1 Rh2 39. Ke1 Nf6 40. Ra1 f4 41. Nd1
Rgh8 42. Nd2 Bf5 43. Nc3 Rh1 44. Kd1 Rxf1+ 45. Nxf1 Rh1 46. Kc1 Qh7 47. Kb2
Bxc2 48. Re1 Bd3 49. Qxf4 Rxf1 50. Rxf1 exf4 0-1

[Event "5ème Open de St Chély d'Aubrac"]
[Site "St-Chély d'Aubrac"]
[Date "2005.07.11"]
[Round "3.22"]
[White "Lagunes, Matthieu"]
[Black "Gazel, Bruno"]
[Result "1/2-1/2"]
[WhiteElo "1780"]
[BlackElo "1550"]
[PlyCount "54"]
[EventDate "2005.07.??"]

1. e4 c6 2. d4 d5 3. e5 Bf5 4. Be3 e6 5. Nd2 Qb6 6. Qc1 c5 7. c3 Nc6 8. Ngf3 a6
9. Be2 Bg4 10. O-O Bxf3 11. Nxf3 cxd4 12. Nxd4 Bc5 13. Qd2 Nxd4 14. cxd4 Bf8
15. Rac1 Ne7 16. Bd3 g6 17. Rc2 Bg7 18. Rfc1 Nc6 19. a3 O-O 20. Be2 Qd8 21. Bg5
Qd7 22. Rc3 f6 23. exf6 Bxf6 24. Bh6 Bg7 25. Rg3 Nxd4 26. Bxg7 Qxg7 27. Bd3 Nb3
1/2-1/2

[Event "5ème Open de St Chély d'Aubrac"]
[Site "St-Chély d'Aubrac"]
[Date "2005.07.11"]
[Round "3.23"]
[White "Dury, Renaud"]
[Black "Ballandras, Renaud"]
[Result "1-0"]
[WhiteElo "1770"]
[BlackElo "1560"]
[PlyCount "73"]
[EventDate "2005.07.??"]

1. d4 d5 2. c4 dxc4 3. Nf3 Nf6 4. e3 c5 5. Bxc4 cxd4 6. exd4 Nc6 7. O-O Bg4 8.
Qb3 e6 9. Ne5 Qxd4 10. Qxb7 Nxe5 11. Qxa8+ Ke7 12. Qb7+ Nfd7 13. Nd2 h5 14.
Qb4+ Kf6 15. Qc3 Qxc3 16. bxc3 Nxc4 17. Nxc4 Be2 18. Ne3 Bxf1 19. Kxf1 Ne5 20.
Ke2 Bc5 21. Rb1 Ng4 22. h3 Ne5 23. Rb5 Bb6 24. Bb2 Rc8 25. c4 Rc5 26. Rxc5 Bxc5
27. f4 Bd6 28. g4 hxg4 29. Nxg4+ Kf5 30. Nxe5 Kxf4 31. Nxf7 Bf8 32. Kd3 g5 33.
Bc1+ Kf5 34. Nxg5 Bh6 35. c5 Bxg5 36. Bxg5 Kxg5 37. c6 1-0

[Event "5ème Open de St Chély d'Aubrac"]
[Site "St-Chély d'Aubrac"]
[Date "2005.07.11"]
[Round "3.24"]
[White "Richard, Emma"]
[Black "Capron, Michel"]
[Result "1-0"]
[WhiteElo "1870"]
[BlackElo "1400"]
[PlyCount "63"]
[EventDate "2005.07.??"]

1. d4 d5 2. c4 e6 3. cxd5 exd5 4. Nc3 Nf6 5. Bg5 Nc6 6. e3 Bd6 7. Nxd5 Be6 8.
Nc3 Qe7 9. d5 O-O-O 10. dxc6 Bf4 11. Qa4 a6 12. cxb7+ Kxb7 13. Bxa6+ Ka7 14.
Bxf4 Nd5 15. Qc6 Qb4 16. a3 Qb6 17. Qxb6+ Kxb6 18. Be2 Nxf4 19. exf4 Rhe8 20.
Rd1 Rxd1+ 21. Nxd1 Bc4 22. Ne3 Bb5 23. Bxb5 Kxb5 24. Nf3 f6 25. Ke2 h6 26. Rd1
Re7 27. Nd4+ Ka4 28. Rc1 Re4 29. Rc4+ Ka5 30. Nc6+ Kb5 31. Rxe4 Kxc6 32. Nf5
1-0

[Event "5ème Open de St Chély d'Aubrac"]
[Site "St-Chély d'Aubrac"]
[Date "2005.07.11"]
[Round "3.25"]
[White "Carabetta, Gaetan"]
[Black "Desboeufs, Claude"]
[Result "0-1"]
[WhiteElo "1480"]
[BlackElo "1599"]
[PlyCount "52"]
[EventDate "2005.07.??"]

1. d4 Nf6 2. c4 g6 3. Nc3 Bg7 4. Nf3 d6 5. h3 O-O 6. e4 Nc6 7. Bd3 e5 8. d5 Ne7
9. a3 Bd7 10. O-O Nh5 11. Ne2 f5 12. Bg5 f4 13. b4 h6 14. Bxe7 Qxe7 15. Rc1 b6
16. Qb3 g5 17. Rc2 g4 18. hxg4 Bxg4 19. Nh2 Bd7 20. Rfc1 Qg5 21. Nc3 f3 22.
Nxf3 Rxf3 23. Be2 Rf4 24. g3 Nxg3 25. fxg3 Qxg3+ 26. Kh1 Rh4# 0-1

[Event "5ème Open de St Chély d'Aubrac"]
[Site "St-Chély d'Aubrac"]
[Date "2005.07.11"]
[Round "3.26"]
[White "Lagunes, Robin"]
[Black "Corbet, Philippe"]
[Result "1-0"]
[WhiteElo "1560"]
[BlackElo "1350"]
[PlyCount "35"]
[EventDate "2005.07.??"]

1. d4 d5 2. c4 c6 3. Nc3 Nf6 4. Bg5 Nbd7 5. e3 e6 6. Nf3 Qa5 7. Qb3 Ne4 8. Bf4
Bb4 9. Rc1 Ndf6 10. a3 Bxc3+ 11. bxc3 O-O 12. Be2 Rd8 13. O-O g5 14. Be5 g4 15.
Ng5 Nd2 16. Qc2 Nxf1 17. Bxf6 Kf8 18. Qxh7 1-0

[Event "5ème Open de St Chély d'Aubrac"]
[Site "St-Chély d'Aubrac"]
[Date "2005.07.11"]
[Round "3.27"]
[White "Casasnovas, Vincent"]
[Black "Jaafar, Nacer"]
[Result "1-0"]
[WhiteElo "1530"]
[BlackElo "1280"]
[PlyCount "103"]
[EventDate "2005.07.??"]

1. e4 e5 2. Bc4 Nf6 3. d3 Bc5 4. Nf3 d6 5. O-O Bg4 6. Nbd2 O-O 7. c3 Nbd7 8. h3
Bh5 9. Re1 a6 10. b4 Ba7 11. Nf1 b5 12. Bb3 Bxf3 13. Qxf3 c5 14. a3 c4 15. dxc4
bxc4 16. Bxc4 Rc8 17. Bxa6 Rc6 18. Bb5 Rc8 19. Bg5 Bxf2+ 20. Qxf2 h6 21. Bxf6
Nxf6 22. Rac1 d5 23. exd5 Qxd5 24. c4 Qa8 25. a4 Rfd8 26. Ng3 h5 27. Nf5 Kf8
28. Qg3 g6 29. Ne3 Ne4 30. Qxe5 f6 31. Qf4 g5 32. Qf5 Rd6 33. Nd5 Ng3 34. Qg6
Rxd5 35. Qxf6+ Kg8 36. cxd5 Rxc1 37. Rxc1 Ne4 38. Qe6+ Kg7 39. Rc7+ Kh8 40.
Rc8+ Qxc8 41. Qxc8+ Kg7 42. Qd7+ Kg6 43. Qe8+ Kh6 44. Qxe4 g4 45. Qf4+ Kg7 46.
hxg4 hxg4 47. Qxg4+ Kh8 48. d6 Kh7 49. Bd3+ Kh8 50. Bc4 Kh7 51. Qg5 Kh8 52.
Qg8# 1-0

[Event "5ème Open de St Chély d'Aubrac"]
[Site "St-Chély d'Aubrac"]
[Date "2005.07.11"]
[Round "3.28"]
[White "Trzesniower, Jacques"]
[Black "Cremers, Bertrand"]
[Result "1/2-1/2"]
[WhiteElo "1430"]
[BlackElo "1510"]
[PlyCount "73"]
[EventDate "2005.07.??"]

1. e4 c5 2. Nf3 Nc6 3. d4 cxd4 4. Nxd4 a6 5. Be3 Nf6 6. Nc3 e6 7. Be2 Bb4 8. f3
d5 9. Nxc6 bxc6 10. e5 Nd7 11. f4 c5 12. Bd2 c4 13. a3 Bc5 14. b4 Ba7 15. Qc1
Nb6 16. Bf3 Qh4+ 17. g3 Qe7 18. Be3 Bd7 19. a4 O-O 20. b5 Qb4 21. Qd2 axb5 22.
Nxb5 Qxd2+ 23. Kxd2 Nc8 24. Nxa7 Nxa7 25. Rab1 Nc6 26. Rb7 Rfd8 27. Bb6 Na5 28.
Ra7 Rxa7 29. Bxa7 Ra8 30. Be3 Rb8 31. Kc3 Kf8 32. f5 Bc6 33. Bc5+ Ke8 34. Bg4
Bd7 35. Bf3 Bc6 36. Bg4 Bd7 37. Bf3 1/2-1/2